| 000 | 01941cam a2200433 a 4500 | ||
|---|---|---|---|
| 999 |
_c530107 _d530107 |
||
| 001 | 12692693 | ||
| 003 | NUST | ||
| 005 | 20191010104647.0 | ||
| 008 | 011005m20012015ph a bc 001 0 eng | ||
| 010 |
_a 2001360396 _z 2016329956 |
||
| 020 | _a9715061370 (v. 1) | ||
| 020 | _z9715063814 (v. 2, pt. 1) | ||
| 020 | _a9789715067317 (v. 2, pt. 2) | ||
| 020 | _a9789715067331 (v. 2, pt. 3) | ||
| 020 | _a9715063233 (v. 3, pt. 1) | ||
| 020 | _a9789715067324 (v. 4, pt. 1) | ||
| 035 | _a(DLC) 2001360396 | ||
| 037 |
_bLibrary of Congress -- Jakarta Overseas Office _cP1,300.00 |
||
| 038 | _awaseem | ||
| 040 |
_aDLC _cDLC _dDLC |
||
| 042 | _alcode | ||
| 043 | _aa-ph--- | ||
| 050 | 0 | 0 |
_aZ1029 _b.C38 2001 |
| 082 | 0 | 0 |
_a011.44 _bCAT |
| 245 | 0 | 0 |
_aCatalogue of rare books : _bUniversity of Santo Tomas Library / _ceditor, Angel Aparicio. |
| 246 | 1 | 3 | _aCatalogue of rare periodicals |
| 260 |
_aManila, Philippines : _bUniversity of Sto. Tomas Library, _c2001-2015. |
||
| 300 |
_a4 v. in 6 : _bill. ; _c26 cm. |
||
| 500 | _aVol. 2 compiled by Estrella S. Majuelo. | ||
| 504 | _aIncludes bibliographical references and indexes. | ||
| 505 | 0 | _av. 1. 1492-1600 -- v. 2, pt. 1. 1600 to 1699. pt. 2. 1700 to 1799. pt. 3. 1800 to 1899 -- v. 3, pt. 1. Filipiniana, 1610-1945 -- v. 4, pt. 1. Up to 1945. | |
| 610 | 2 | 0 |
_aUniversity of Santo Tomas. _bLibrary _vCatalogs. _923457 |
| 650 | 0 |
_aRare books _zPhilippines _zManila _vBibliography. _923458 |
|
| 700 | 1 |
_aAparicio, Angel, _d1948- _923459 |
|
| 700 | 1 |
_aMajuelo, Estrella S. _923460 |
|
| 906 |
_a7 _bcbc _corigode _d2 _encip _f20 _gy-gencatlg |
||
| 942 |
_2ddc _cBK |
||